[Event "Karlsruhe Grenke op"]
[Site "Karlsruhe"]
[Date "2024.03.31"]
[Round "7"]
[White "Wachinger, Nikolas"]
[Black "Kitze, Alexander"]
[Result "1-0"]
[WhiteElo "2442"]
[BlackElo "2299"]
[PlyCount "78"]
[EventDate "2024.03.28"]
[EventType "swiss"]
[EventRounds "9"]
[EventCountry "GER"]
[SourceTitle "CB14_2024"]
[SourceDate "2024.04.01"]
[SourceVersion "1"]
[SourceVersionDate "2024.04.01"]
[SourceQuality "1"]

1. e4 c5 2. Nf3 d6 3. Bb5+ Bd7 4. Bxd7+ Qxd7 5. c4 Nc6 6. d4 cxd4 7. Nxd4 Nf6 8. Nc3 g6 9. f3 Nxd4 10. Qxd4 Bg7 11. Be3 0-0 12. Qd3 Rfc8 13. 0-0 a6 14. a4 Qd8 15. a5 Nd7 16. b3 Nc5 17. Qc2 b6 18. axb6 Qxb6 19. Nd5 Qb7 20. Rab1 e6 21. Nc3 Qb4 22. Bd2 Qb6 23. Be3 Qb4 24. Na2 Qb7 25. Rfd1 Rc6 26. Nc1 a5 27. Nd3 Nxd3 28. Rxd3 Rb8 29. Rbd1 Qb4 30. Qd2 Qa3 31. Qc2 h5 32. Bf4 Qc5+ 33. Kh1 Be5 34. Be3 Qa3 35. Bc1 Qc5 36. Be3 Qa3 37. Bc1 Qc5 38. Qa2 Ra6 39. f4 Qc6 1-0

[Event "Pardubice Czech op-E 32nd"]
[Site "Pardubice"]
[Date "2021.07.18"]
[Round "7.3"]
[White "Kitze, Alexander"]
[Black "Jurcik, Marian"]
[Result "1/2-1/2"]
[WhiteElo "2284"]
[BlackElo "2422"]
[PlyCount "102"]
[EventDate "2021.07.15"]
[EventType "team-swiss"]
[EventRounds "7"]
[EventCountry "CZE"]
[SourceTitle "CBM 203 Extra"]
[Source "ChessBase"]
[SourceDate "2021.09.30"]
[SourceVersion "1"]
[SourceVersionDate "2021.09.30"]
[SourceQuality "1"]
[WhiteTeam "Sachsen Anhalt"]
[BlackTeam "Unichess Penguins"]
[WhiteTeamCountry "GER"]
[BlackTeamCountry "CZE"]

1. d4 Nf6 2. Bf4 e6 3. e3 c5 4. c3 d5 5. Nd2 Nc6 6. Bd3 Bd6 7. Bxd6 Qxd6 8. f4 cxd4 9. cxd4 0-0 10. Ngf3 Nb4 11. Be2 Ng4 12. Nf1 Bd7 13. a3 Nc6 14. h3 Nf6 15. Ng3 Ne7 16. 0-0 Qb6 17. Qd2 Bb5 18. Rfc1 Rac8 19. Ne5 Bxe2 20. Qxe2 g6 21. b4 h5 22. Rc5 Qd6 23. Rac1 b6 24. Rxc8 Rxc8 25. Rxc8+ Nxc8 26. Qc2 Ne7 27. Ne2 h4 28. Nc1 Kg7 29. Ncd3 Nf5 30. Qc8 Qf8 31. Qb7 Qe7 32. Qxe7 Nxe7 33. b5 Ne4 34. Nc6 Nxc6 35. bxc6 Kf8 36. c7 Nd6 37. Ne5 Ke7 38. Kf2 b5 39. Kf3 a5 40. Kg4 b4 41. axb4 axb4 42. Nc6+ Kd7 43. Nxb4 Nf5 44. Kf3 Kxc7 45. Nd3 f6 46. Nc5 Kd6 47. Nb7+ Kc7 48. Nc5 Kd6 49. Nb7+ Kc6 50. Nd8+ Kd7 51. Nb7 Kc7 1/2-1/2

[Event "Pardubice Czech op-E 32nd"]
[Site "Pardubice"]
[Date "2021.07.18"]
[Round "6.3"]
[White "Kitze, Alexander"]
[Black "Nytra, Petr"]
[Result "1-0"]
[WhiteElo "2284"]
[BlackElo "1941"]
[PlyCount "59"]
[EventDate "2021.07.15"]
[EventType "team-swiss"]
[EventRounds "7"]
[EventCountry "CZE"]
[SourceTitle "CBM 203 Extra"]
[Source "ChessBase"]
[SourceDate "2021.09.30"]
[SourceVersion "1"]
[SourceVersionDate "2021.09.30"]
[SourceQuality "1"]
[WhiteTeam "Sachsen Anhalt"]
[BlackTeam "Orlova Slavia "]
[WhiteTeamCountry "GER"]
[BlackTeamCountry "CZE"]

1. Nf3 d5 2. g3 Nf6 3. Bg2 e6 4. 0-0 Be7 5. d4 0-0 6. c4 c6 7. Nc3 Nbd7 8. b3 Ne4 9. Nxe4 dxe4 10. Ne5 f5 11. Nxd7 Bxd7 12. f3 exf3 13. Bxf3 Qb6 14. e3 Rad8 15. Qe2 c5 16. Bb2 Bc6 17. Rad1 Bf6 18. Bxc6 Qxc6 19. d5 Qa6 20. Bxf6 Rxf6 21. e4 exd5 22. exd5 Rff8 23. Rde1 g6 24. Kg2 Qf6 25. Qe6+ Qxe6 26. Rxe6 Rfe8 27. Rfe1 Kf7 28. Kf3 g5 29. h4 h6 30. R1e5 1-0

[Event "Sachsen-Anhalt Landesliga-B 1920"]
[Site "Sachsen Anhalt"]
[Date "2019.12.08"]
[Round "4.1"]
[White "Kitze, Alexander"]
[Black "Burghardt, Peter"]
[Result "1/2-1/2"]
[WhiteElo "2301"]
[BlackElo "1902"]
[PlyCount "132"]
[EventDate "2019.09.29"]
[EventType "team-tourn"]
[EventRounds "9"]
[EventCountry "GER"]
[SourceTitle "EXT 2023"]
[Source "ChessBase"]
[SourceDate "2022.10.05"]
[SourceVersion "1"]
[SourceVersionDate "2022.10.05"]
[SourceQuality "1"]
[WhiteTeam "Granschuetz Gruen Weiss"]
[BlackTeam "Merseburg II"]
[WhiteTeamCountry "GER"]
[BlackTeamCountry "GER"]

1. Nf3 Nf6 2. g3 g6 3. Bg2 Bg7 4. 0-0 0-0 5. d4 d6 6. b3 c5 7. Bb2 Nc6 8. c4 Bf5 9. d5 Na5 10. Nbd2 a6 11. Nh4 Bg4 12. h3 Bd7 13. e4 b5 14. Qc2 Rb8 15. Bc3 e5 16. dxe6 Bxe6 17. e5 dxe5 18. Bxe5 Rc8 19. Rad1 Nc6 20. Bxc6 Rxc6 21. Ne4 Qe7 22. cxb5 axb5 23. Bd6 Rxd6 24. Nxd6 Qa7 25. Kh2 Qb6 26. Ne4 Nxe4 27. Qxe4 c4 28. Ng2 cxb3 29. axb3 Bxb3 30. Rd2 Bc3 31. Rd7 Bc4 32. Rc1 Qf6 33. Rc7 Qd4 34. Qf3 Bd2 35. Rd1 Bd5 36. Qe2 Bxg2 37. Qxd2 Qe4 38. Qd3 Qxd3 39. Rxd3 Bf1 40. Rd1 Bc4 41. Rcd7 Be6 42. Rb7 Bc4 43. g4 g5 44. Kg3 h6 45. Rd6 Kg7 46. Rbb6 Rh8 47. f4 Ra8 48. Rxh6 Ra3+ 49. Kf2 gxf4 50. h4 Ra2+ 51. Kf3 Be2+ 52. Kxf4 Ra4+ 53. Ke3 Bxg4 54. Rhd6 Be6 55. Rd4 Ra3+ 56. Kf4 Bc4 57. Rd8 Ra1 58. Rbb8 Rf1+ 59. Kg3 Rg1+ 60. Kf2 Rh1 61. Rg8+ Kf6 62. Rh8 Rb1 63. Rhc8 Rh1 64. Kg3 Rg1+ 65. Kh2 Rd1 66. Rc5 Rd2+ 1/2-1/2

[Event "Sachsen-Anhalt Landesliga-B 1920"]
[Site "Sachsen Anhalt"]
[Date "2019.09.29"]
[Round "1.1"]
[White "Groebel, Aaron"]
[Black "Kitze, Alexander"]
[Result "0-1"]
[WhiteElo "2081"]
[BlackElo "2301"]
[PlyCount "62"]
[EventDate "2019.09.29"]
[EventType "team-tourn"]
[EventRounds "9"]
[EventCountry "GER"]
[SourceTitle "EXT 2023"]
[Source "ChessBase"]
[SourceDate "2022.10.05"]
[SourceVersion "1"]
[SourceVersionDate "2022.10.05"]
[SourceQuality "1"]
[WhiteTeam "Hettstedt"]
[BlackTeam "Granschuetz Gruen Weiss"]
[WhiteTeamCountry "GER"]
[BlackTeamCountry "GER"]

1. e4 c5 2. Nf3 d6 3. d4 cxd4 4. Nxd4 Nf6 5. Nc3 a6 6. Bc4 e6 7. Bb3 b5 8. Qe2 Be7 9. 0-0 0-0 10. f4 Bb7 11. a3 Nbd7 12. Nf3 Nc5 13. e5 dxe5 14. fxe5 Nxb3 15. cxb3 Nd5 16. Ne4 Rc8 17. Bg5 Bxg5 18. Nfxg5 h6 19. Qh5 Qc7 20. Nh3 Ne3 21. Rf4 Qc2 22. Nhf2 Qxb2 23. Re1 Rc1 24. Nf6+ Kh8 25. Rxc1 Qxc1+ 26. Nd1 Nxd1 27. Rf1 Qc5+ 28. Kh1 Nf2+ 29. Kg1 Nh3+ 30. Kh1 Qg1+ 31. Rxg1 Nf2# 0-1

[Event "Ghent Eastman op 42nd"]
[Site "Ghent"]
[Date "2019.07.24"]
[Round "9"]
[White "Van Mechelen, Jan"]
[Black "Kitze, Alexander"]
[Result "1/2-1/2"]
[WhiteElo "2218"]
[BlackElo "2284"]
[PlyCount "20"]
[EventDate "2019.07.20"]
[EventType "swiss"]
[EventRounds "9"]
[EventCountry "BEL"]
[SourceTitle "CBM 191 Extra"]
[Source "ChessBase"]
[SourceDate "2019.09.30"]
[SourceVersion "1"]
[SourceVersionDate "2019.09.30"]
[SourceQuality "1"]

1. e4 c5 2. Nc3 Nc6 3. g3 g6 4. Bg2 Bg7 5. d3 d6 6. Be3 e5 7. Nh3 Nge7 8. f4 f5 9. 0-0 0-0 10. Qd2 a6 1/2-1/2

[Event "Ghent Eastman op 42nd"]
[Site "Ghent"]
[Date "2019.07.23"]
[Round "7"]
[White "Mirzoev, Azer"]
[Black "Kitze, Alexander"]
[Result "1-0"]
[WhiteElo "2474"]
[BlackElo "2284"]
[PlyCount "115"]
[EventDate "2019.07.20"]
[EventType "swiss"]
[EventRounds "9"]
[EventCountry "BEL"]
[SourceTitle "CBM 191 Extra"]
[Source "ChessBase"]
[SourceDate "2019.09.30"]
[SourceVersion "1"]
[SourceVersionDate "2019.09.30"]
[SourceQuality "1"]

1. d4 Nf6 2. c4 g6 3. Nc3 d5 4. e3 Bg7 5. Qb3 c6 6. Nf3 0-0 7. Bd2 Qb6 8. cxd5 Qxb3 9. axb3 cxd5 10. b4 Bf5 11. Be2 Nc6 12. b5 Nb4 13. 0-0 a6 14. Na4 axb5 15. Bxb4 bxa4 16. Bxe7 Rfc8 17. Rfc1 Bd7 18. Ne5 Be8 19. Bf3 Ne4 20. Nd3 Bc6 21. h4 Nd2 22. Bd1 Nc4 23. b3 axb3 24. Bxb3 Nd2 25. Bd1 Bb5 26. Rxc8+ Rxc8 27. Nf4 Bc4 28. Ra7 b5 29. Bb4 Ne4 30. Bg4 Rb8 31. f3 Nf6 32. Bh3 Bf8 33. Bc3 b4 34. Bb2 Bd6 35. g4 Bxf4 36. exf4 Re8 37. Ra1 Re2 38. Bc1 b3 39. Ra8+ Kg7 40. Ba3 Nd7 41. g5 b2 42. Bxb2 Nb6 43. Ra7 Rxb2 44. Be6 Re2 45. Rxf7+ Kg8 46. f5 gxf5 47. Rf6+ Rxe6 48. Rxe6 Nd7 49. Kf2 Nf8 50. Rf6 Kg7 51. Rxf5 Ng6 52. h5 Ne7 53. Rf6 Bd3 54. Ke3 Bc2 55. Kf4 Ba4 56. Ke5 Be8 57. h6+ Kg8 58. Kd6 1-0

[Event "Karlsruhe Grenke op"]
[Site "Karlsruhe"]
[Date "2019.04.21"]
[Round "6"]
[White "Ashwath, R."]
[Black "Kitze, Alexander"]
[Result "1/2-1/2"]
[WhiteElo "2388"]
[BlackElo "2250"]
[PlyCount "46"]
[EventDate "2019.04.18"]
[EventType "swiss"]
[EventRounds "9"]
[EventCountry "GER"]
[SourceTitle "CBM 189 Extra"]
[Source "ChessBase"]
[SourceDate "2019.06.03"]
[SourceVersion "1"]
[SourceVersionDate "2019.06.03"]
[SourceQuality "1"]

1. Nf3 Nf6 2. c4 g6 3. Nc3 c5 4. d4 cxd4 5. Nxd4 Bg7 6. e4 d6 7. Be2 0-0 8. Be3 Nc6 9. Nc2 Be6 10. 0-0 Qa5 11. f3 Ne5 12. Nd5 Bxd5 13. exd5 Rac8 14. b3 b5 15. f4 Ned7 16. b4 Qc7 17. Nd4 bxc4 18. Bf3 Nb6 19. Nb5 Qd7 20. Nc3 Qf5 21. Nb5 Qd7 22. a4 Nfxd5 23. Nc3 Nf6 1/2-1/2

[Event "Sachsen-Anhalt Landesliga B 18/19"]
[Site "Sachsen Anhalt"]
[Date "2019.02.24"]
[Round "7.1"]
[White "Kitze, Alexander"]
[Black "Schultheis, Heinz"]
[Result "1-0"]
[WhiteElo "2250"]
[BlackElo "2116"]
[PlyCount "53"]
[EventDate "2018.09.23"]
[EventType "team-tourn"]
[EventRounds "9"]
[EventCountry "GER"]
[SourceTitle "EXT 2022"]
[Source "ChessBase"]
[SourceDate "2021.10.06"]
[SourceVersion "1"]
[SourceVersionDate "2021.10.06"]
[SourceQuality "1"]
[WhiteTeam "Granschuetz Gruen Weiss"]
[BlackTeam "Zeitz Motor"]
[WhiteTeamCountry "GER"]
[BlackTeamCountry "GER"]

1. Nf3 Nf6 2. g3 e6 3. Bg2 d5 4. d4 c5 5. 0-0 Nc6 6. b3 cxd4 7. Nxd4 Bc5 8. Nxc6 bxc6 9. Bb2 Qe7 10. c4 0-0 11. Nc3 Ba6 12. cxd5 cxd5 13. a3 Rab8 14. b4 Rfc8 15. Qd2 Qb7 16. Rab1 Bf8 17. Rfd1 Bc4 18. Qd4 Qc7 19. Rbc1 Qe7 20. Qd2 Rd8 21. e3 a5 22. bxa5 Qb7 23. Rb1 Ne4 24. Nxe4 dxe4 25. Qxd8 Rxd8 26. Rxd8 Ba2 27. Rxf8+ 1-0

[Event "Sachsen-Anhalt Landesliga B 18/19"]
[Site "Sachsen Anhalt"]
[Date "2018.11.25"]
[Round "4.1"]
[White "Kitze, Alexander"]
[Black "Enigk, Frank"]
[Result "1-0"]
[WhiteElo "2250"]
[BlackElo "2249"]
[PlyCount "139"]
[EventDate "2018.09.23"]
[EventType "team-tourn"]
[EventRounds "9"]
[EventCountry "GER"]
[SourceTitle "EXT 2022"]
[Source "ChessBase"]
[SourceDate "2021.10.06"]
[SourceVersion "1"]
[SourceVersionDate "2021.10.06"]
[SourceQuality "1"]
[WhiteTeam "Granschuetz Gruen Weiss"]
[BlackTeam "Piesteritz Gruen-Weiss"]
[WhiteTeamCountry "GER"]
[BlackTeamCountry "GER"]

1. Nf3 d5 2. g3 c6 3. Bg2 Nf6 4. 0-0 Bg4 5. d4 Nbd7 6. Nbd2 e6 7. b3 Bd6 8. Bb2 Bxf3 9. Bxf3 0-0 10. c4 Re8 11. e4 dxe4 12. Nxe4 Nxe4 13. Bxe4 Qe7 14. a4 a5 15. Re1 Bb4 16. Re3 Nf6 17. Bc2 Rad8 18. Qf3 Nd7 19. Kg2 Nf8 20. h4 Qf6 21. Qe2 Kh8 22. Re5 Qe7 23. Re3 Kg8 24. Rh1 Qd7 25. Qg4 e5 26. Bf5 Qc7 27. dxe5 Rd2 28. Re2 Red8 29. e6 fxe6 30. Bxe6+ Nxe6 31. Qxe6+ Qf7 32. Bc1 Rxe2 33. Qxe2 Re8 34. Qf3 Qg6 35. Rd1 Rf8 36. Bf4 Qf5 37. Qd3 Qxd3 38. Rxd3 h6 39. Rd7 Rf7 40. Rxf7 Kxf7 41. Kf3 h5 42. Ke4 Ke6 43. f3 Be1 44. Bc7 Kd7 45. Bf4 Ke6 46. Kd3 Kf5 47. Ke2 Bc3 48. Bd2 Be5 49. Kf2 Bc7 50. Kg2 g6 51. Kh3 Bd8 52. Be3 Ke5 53. g4 Be7 54. Kg3 Bb4 55. Kf2 Be7 56. Kg3 Bb4 57. Bg5 Kd4 58. f4 Ke4 59. f5 gxf5 60. gxh5 Bd6+ 61. Kg2 Be5 62. h6 f4 63. Be7 f3+ 64. Kf1 Kf5 65. Bf8 Kg6 66. Kf2 Kf7 67. Bg7 Bd6 68. Kxf3 Be7 69. h5 Bd6 70. Bc3 1-0

[Event "GER-chT Lands U20"]
[Site "Hannover"]
[Date "2016.10.01"]
[Round "1.1"]
[White "Kitze, Alexander"]
[Black "Walter, Kevin"]
[Result "1/2-1/2"]
[WhiteElo "2163"]
[BlackElo "2140"]
[PlyCount "86"]
[EventDate "2016.10.01"]
[EventType "team-swiss"]
[EventRounds "7"]
[EventCountry "GER"]
[SourceTitle "CBM 174 Extra"]
[Source "ChessBase"]
[SourceDate "2016.10.10"]
[SourceVersion "1"]
[SourceVersionDate "2016.10.10"]
[SourceQuality "1"]
[WhiteTeam "Sachsen Anhalt"]
[BlackTeam "Wuerttemberg"]
[WhiteTeamCountry "GER"]
[BlackTeamCountry "GER"]

1. e4 c5 2. Nf3 e6 3. d4 cxd4 4. Nxd4 a6 5. Bd3 Nf6 6. 0-0 Qc7 7. Qe2 d6 8. c4 g6 9. Nc3 Bg7 10. Nf3 0-0 11. h3 Nc6 12. Be3 Nd7 13. Rfd1 Bxc3 14. bxc3 Nce5 15. Bh6 Re8 16. Nxe5 dxe5 17. Qf3 Qc5 18. Bc2 Qe7 19. Ba4 b5 20. cxb5 Nc5 21. Bc2 axb5 22. Be3 Ra3 23. Bxc5 Qxc5 24. Bb3 Kg7 25. Rd2 Ra7 26. Rad1 Rc7 27. Rd3 Bb7 28. Qe2 Qc6 29. f3 b4 30. c4 Ba6 31. Rd6 Qc5+ 32. Qf2 Qxf2+ 33. Kxf2 Bxc4 34. Rc1 Rec8 35. Rb6 Bxb3 36. Rxc7 Rxc7 37. axb3 Rc2+ 38. Kg3 Rb2 39. Rxb4 g5 40. Rb5 Kf6 41. Rb7 h5 42. Rb5 h4+ 43. Kh2 Rb1 1/2-1/2

[Event "GER-ch U16"]
[Site "Willingen"]
[Date "2016.05.21"]
[Round "9"]
[White "Martin, Julian"]
[Black "Kitze, Alexander"]
[Result "1-0"]
[WhiteElo "2224"]
[BlackElo "2198"]
[PlyCount "55"]
[EventDate "2016.05.15"]
[EventType "swiss"]
[EventRounds "9"]
[EventCountry "GER"]
[SourceTitle "CBM 172 Extra"]
[Source "ChessBase"]
[SourceDate "2016.06.21"]
[SourceVersion "1"]
[SourceVersionDate "2016.06.21"]
[SourceQuality "1"]

1. e4 c5 2. Nf3 d6 3. d4 cxd4 4. Nxd4 Nf6 5. Nc3 a6 6. Be3 e6 7. Qf3 Nbd7 8. Be2 Qc7 9. g4 b5 10. g5 b4 11. gxf6 bxc3 12. fxg7 Bxg7 13. b3 Bb7 14. Rg1 Bf6 15. Qh5 Bxd4 16. Bxd4 e5 17. Be3 Bxe4 18. 0-0-0 Qa5 19. Kb1 Rb8 20. Bd3 Bd5 21. Bf5 Nf6 22. Qh4 Nd7 23. Qh6 Qa3 24. Bc1 Qc5 25. Rg3 Nb6 26. Rgd3 Kd8 27. Qf6+ Kc7 28. Be3 1-0

[Event "GER-ch U16"]
[Site "Willingen"]
[Date "2016.05.18"]
[Round "6"]
[White "Kitze, Alexander"]
[Black "Spitzl, Vinzent"]
[Result "1/2-1/2"]
[WhiteElo "2198"]
[BlackElo "2143"]
[PlyCount "99"]
[EventDate "2016.05.15"]
[EventType "swiss"]
[EventRounds "9"]
[EventCountry "GER"]
[SourceTitle "CBM 172 Extra"]
[Source "ChessBase"]
[SourceDate "2016.06.21"]
[SourceVersion "1"]
[SourceVersionDate "2016.06.21"]
[SourceQuality "1"]

1. e4 e5 2. Nf3 Nc6 3. Bb5 a6 4. Ba4 Nf6 5. 0-0 Be7 6. Re1 b5 7. Bb3 d6 8. c3 0-0 9. h3 Nb8 10. d4 Nbd7 11. Nbd2 Bb7 12. Bc2 Re8 13. Nf1 Bf8 14. Ng3 g6 15. b3 c6 16. Bg5 h6 17. Be3 exd4 18. cxd4 c5 19. d5 Bg7 20. Rc1 Rc8 21. Qd2 Kh7 22. Nh2 c4 23. bxc4 Rxc4 24. Bd3 Rxc1 25. Rxc1 Ne5 26. Be2 Qe7 27. Qb4 h5 28. Ngf1 Rc8 29. Rxc8 Bxc8 30. Nd2 Qc7 31. Nhf3 Nxf3+ 32. Nxf3 Nd7 33. Qd2 Ne5 34. Nxe5 Bxe5 35. f4 Bg7 36. Bf1 Qc3 37. Qxc3 Bxc3 38. Bb6 f5 39. Bd3 fxe4 40. Bxe4 Bf5 41. Bxf5 gxf5 42. Kf2 Bd2 43. Kf3 Kg6 44. Bc7 Bb4 45. Ke2 Bc5 46. Ba5 Kf6 47. Kd3 Ke7 48. Ke2 Kf7 49. Kd3 Ke7 50. Ke2 1/2-1/2

[Event "Hamburg St Pauli op-A"]
[Site "Hamburg"]
[Date "2015.07.21"]
[Round "5"]
[White "Kitze, Alexander"]
[Black "Lyell, Mark"]
[Result "0-1"]
[WhiteElo "2208"]
[BlackElo "2259"]
[PlyCount "118"]
[EventDate "2015.07.18"]
[EventType "swiss"]
[EventRounds "9"]
[EventCountry "GER"]
[SourceTitle "EXT 2016"]
[Source "ChessBase"]
[SourceDate "2015.10.08"]
[SourceVersion "1"]
[SourceVersionDate "2015.10.08"]
[SourceQuality "1"]

1. e4 e6 2. d4 d5 3. Nc3 Nf6 4. e5 Nfd7 5. f4 c5 6. Nf3 Nc6 7. Be3 cxd4 8. Nxd4 Bc5 9. Qd2 0-0 10. 0-0-0 a6 11. h4 Nxd4 12. Bxd4 b5 13. Rh3 Qc7 14. Rg3 b4 15. Ne2 a5 16. f5 Bxd4 17. Nxd4 Qxe5 18. Re3 Qc7 19. fxe6 Nf6 20. exf7+ Qxf7 21. Bd3 Ne4 22. Bxe4 dxe4 23. Rxe4 Qxa2 24. Nb3 Bf5 25. Qd5+ Kh8 26. Rf4 a4 27. Rxf5 axb3 28. Rxf8+ Rxf8 29. cxb3 Rc8+ 30. Kd2 Qxb2+ 31. Ke1 Re8+ 32. Kf1 Rf8+ 33. Kg1 Qf2+ 34. Kh2 Qxh4+ 35. Kg1 Qf2+ 36. Kh2 h6 37. Qd4 Qc2 38. Rd3 Rf5 39. Rh3 Qc7+ 40. Kg1 Qc1+ 41. Kh2 Qf4+ 42. Qxf4 Rxf4 43. Rd3 Kh7 44. Rd5 Rg4 45. Rb5 g6 46. g3 h5 47. Kg2 h4 48. Kh3 hxg3 49. Kg2 Kg7 50. Rc5 Kf6 51. Rc1 Ke5 52. Rc5+ Kd6 53. Rc1 Kd5 54. Rc8 Rd4 55. Kxg3 Rd3+ 56. Kg4 Rxb3 57. Kg5 Rc3 58. Rb8 Kc4 59. Kxg6 Rf3 0-1

[Event "Hamburg St Pauli op-A"]
[Site "Hamburg"]
[Date "2015.07.18"]
[Round "1"]
[White "Kitze, Alexander"]
[Black "Lohse, Marc"]
[Result "1-0"]
[WhiteElo "2208"]
[BlackElo "1965"]
[PlyCount "39"]
[EventDate "2015.07.18"]
[EventType "swiss"]
[EventRounds "9"]
[EventCountry "GER"]
[SourceTitle "EXT 2016"]
[Source "ChessBase"]
[SourceDate "2015.10.08"]
[SourceVersion "1"]
[SourceVersionDate "2015.10.08"]
[SourceQuality "1"]

1. e4 c5 2. Nf3 e6 3. d4 cxd4 4. Nxd4 a6 5. Bd3 Qc7 6. 0-0 Nc6 7. Nb3 Nf6 8. Nc3 Be7 9. f4 d6 10. Qf3 0-0 11. Bd2 Bd7 12. Rae1 e5 13. Nd5 Qd8 14. Nxe7+ Qxe7 15. f5 a5 16. g4 a4 17. Nc1 Ne8 18. g5 f6 19. Bc4+ Kh8 20. g6 1-0

[Event "GER-chT Lands U20"]
[Site "Hannover"]
[Date "2014.10.07"]
[Round "7.1"]
[White "Zimmermann, Ulrich"]
[Black "Kitze, Alexander"]
[Result "1-0"]
[WhiteElo "2351"]
[BlackElo "2046"]
[PlyCount "73"]
[EventDate "2014.10.03"]
[EventType "team-swiss"]
[EventRounds "7"]
[EventCountry "GER"]
[SourceTitle "CBM 162 Extra"]
[Source "ChessBase"]
[SourceDate "2014.10.17"]
[SourceVersion "1"]
[SourceVersionDate "2014.10.17"]
[SourceQuality "1"]
[WhiteTeam "Wuerttemberg"]
[BlackTeam "Sachsen Anhalt"]
[WhiteTeamCountry "GER"]
[BlackTeamCountry "GER"]

1. g3 Nf6 2. Bg2 c5 3. e4 Nc6 4. f4 d5 5. e5 Nd7 6. Nf3 e6 7. c3 Be7 8. d4 0-0 9. 0-0 b5 10. a3 a5 11. Be3 b4 12. axb4 cxb4 13. Rf2 Ba6 14. Nbd2 bxc3 15. bxc3 Nb6 16. g4 a4 17. f5 Na5 18. f6 gxf6 19. Bh6 Nac4 20. Nxc4 Bxc4 21. exf6 Bxf6 22. Bxf8 Qxf8 23. g5 Bg7 24. h4 Bb3 25. Qe2 Nc4 26. g6 hxg6 27. Ng5 Nd6 28. Nxf7 Nxf7 29. Bh3 a3 30. Bxe6 Ra7 31. h5 g5 32. h6 Bxh6 33. Qh5 a2 34. Kg2 Re7 35. Rxf7 Rxf7 36. Rf1 Kh8 37. Rxf7 1-0

[Event "GER-chT Lands U20"]
[Site "Hannover"]
[Date "2014.10.03"]
[Round "1.1"]
[White "Kitze, Alexander"]
[Black "Carow, Johannes"]
[Result "0-1"]
[WhiteElo "2046"]
[BlackElo "2381"]
[PlyCount "46"]
[EventDate "2014.10.03"]
[EventType "team-swiss"]
[EventRounds "7"]
[EventCountry "GER"]
[SourceTitle "CBM 162 Extra"]
[Source "ChessBase"]
[SourceDate "2014.10.17"]
[SourceVersion "1"]
[SourceVersionDate "2014.10.17"]
[SourceQuality "1"]
[WhiteTeam "Sachsen Anhalt"]
[BlackTeam "Rheinland Pfalz"]
[WhiteTeamCountry "GER"]
[BlackTeamCountry "GER"]

1. e4 c5 2. Nf3 Nc6 3. d4 cxd4 4. Nxd4 Qb6 5. Nb3 Nf6 6. Nc3 e6 7. Bd3 a6 8. 0-0 Be7 9. Be3 Qc7 10. f4 d6 11. Qf3 0-0 12. Rae1 b5 13. Qg3 b4 14. Nb1 Bb7 15. N1d2 Kh8 16. Nf3 e5 17. fxe5 Nxe5 18. Nxe5 dxe5 19. Nd4 Nh5 20. Qh3 exd4 21. Bxd4 Bc5 22. Bxc5 Qxc5+ 23. Kh1 g6 0-1

[Event "GER-ch U14"]
[Site "Magdeburg"]
[Date "2014.06.13"]
[Round "8"]
[White "Kitze, Alexander"]
[Black "Buckels, Valentin"]
[Result "1-0"]
[WhiteElo "2067"]
[BlackElo "2093"]
[PlyCount "71"]
[EventDate "2014.06.08"]
[EventType "swiss"]
[EventRounds "9"]
[EventCountry "GER"]
[SourceTitle "CBM 160 Extra"]
[Source "ChessBase"]
[SourceDate "2014.07.01"]
[SourceVersion "1"]
[SourceVersionDate "2014.07.01"]
[SourceQuality "1"]

1. e4 e5 2. Nf3 Nc6 3. Bb5 a6 4. Ba4 Nf6 5. 0-0 Be7 6. Re1 b5 7. Bb3 d6 8. c3 0-0 9. h3 Nb8 10. d4 Nbd7 11. Nbd2 Bb7 12. Bc2 c5 13. d5 c4 14. Nf1 Qc7 15. g4 Rfb8 16. Ng3 Bc8 17. Nf5 Bf8 18. Kh1 a5 19. Rg1 Nc5 20. Qe2 b4 21. N3h4 Ne8 22. Qf3 Qd8 23. Qg3 bxc3 24. bxc3 Nb3 25. Rb1 Nxc1 26. Rgxc1 g6 27. Ne3 Ba6 28. Nf3 Rxb1 29. Rxb1 Rb8 30. Qg1 Bh6 31. g5 Rxb1 32. Qxb1 Bxg5 33. Nxg5 Qxg5 34. Qb8 Kf8 35. Ba4 Qe7 36. Bxe8 1-0

[Event "GER-ch U14"]
[Site "Magdeburg"]
[Date "2014.06.12"]
[Round "7"]
[White "Martin, Julian"]
[Black "Kitze, Alexander"]
[Result "1/2-1/2"]
[WhiteElo "2002"]
[BlackElo "2067"]
[PlyCount "69"]
[EventDate "2014.06.08"]
[EventType "swiss"]
[EventRounds "9"]
[EventCountry "GER"]
[SourceTitle "CBM 160 Extra"]
[Source "ChessBase"]
[SourceDate "2014.07.01"]
[SourceVersion "1"]
[SourceVersionDate "2014.07.01"]
[SourceQuality "1"]

1. e4 c5 2. Nf3 d6 3. d4 cxd4 4. Nxd4 Nf6 5. Nc3 a6 6. f4 e5 7. Nf3 Nbd7 8. Bd3 b5 9. a3 Be7 10. 0-0 0-0 11. Qe1 Bb7 12. Kh1 Rc8 13. fxe5 dxe5 14. Qg3 Re8 15. Be3 Qc7 16. Nh4 Bf8 17. Nf5 Kh8 18. Bg5 Re6 19. Qh4 Qc6 20. Rf3 Ng8 21. Rh3 h6 22. Nd5 Rce8 23. Rf1 Rg6 24. Be7 Qe6 25. Bxf8 Rxf8 26. Qf2 Ndf6 27. Nfe3 Ng4 28. Nxg4 Rxg4 29. Qf3 Qg6 30. Qf2 Bxd5 31. exd5 e4 32. Be2 Rg5 33. Rg3 Rxg3 34. Qxg3 Qxg3 35. hxg3 1/2-1/2

[Event "GER-ch U14"]
[Site "Magdeburg"]
[Date "2014.06.11"]
[Round "6"]
[White "Kitze, Alexander"]
[Black "Vogel, Roven"]
[Result "1/2-1/2"]
[WhiteElo "2067"]
[BlackElo "2296"]
[PlyCount "59"]
[EventDate "2014.06.08"]
[EventType "swiss"]
[EventRounds "9"]
[EventCountry "GER"]
[SourceTitle "CBM 160 Extra"]
[Source "ChessBase"]
[SourceDate "2014.07.01"]
[SourceVersion "1"]
[SourceVersionDate "2014.07.01"]
[SourceQuality "1"]

1. e4 e6 2. d4 d5 3. Nc3 Nf6 4. e5 Nfd7 5. f4 c5 6. Nf3 Nc6 7. Be3 Be7 8. Qd2 0-0 9. dxc5 Bxc5 10. Bxc5 Nxc5 11. 0-0-0 Qa5 12. h4 Bd7 13. Rh3 b5 14. f5 exf5 15. Rg3 Ne7 16. h5 Ne6 17. Nxd5 Qxd2+ 18. Rxd2 Nxd5 19. Rxd5 Bc6 20. Rd6 Rac8 21. Nd4 Be4 22. c3 Nxd4 23. Rxd4 Rc5 24. e6 fxe6 25. Rd7 Rf7 26. Rd8+ Rf8 27. Rd7 Rf7 28. Rd8+ Rf8 29. Rd7 Rf7 30. Rd8+ 1/2-1/2